الكويت : (Record no. 13839)
[ view plain ]
| 000 -الفاتح | |
|---|---|
| حقل البيانات ثابتة الطول | 01300nam a2200289 i 4500 |
| 003 - محدد رقم الضبط | |
| رقم الضبط | EG-ScBUE |
| 005 - وقت وتاريخ اخر تعامل مع التسجيلة | |
| رقم الضبط | 20231122125659.0 |
| 008 - عناصر البيانات ثابتة الطول - معلومات عامة | |
| حقل البيانات ثابتة الطول | 100331m2009 mr o af 000 0aaara d |
| 020 ## - الرقم الدولى المعيارى للكتب | |
| الرقم الدولى المعيارى للكتاب | 9789953682380 |
| 040 ## - مصدر الفهرسة | |
| وكالة الفهرسة الأصلية | EG-ScBUE |
| لغة الفهرسة | ara |
| قواعد الوصف | rda |
| وكالة النسخ | EG-ScBUE |
| وكالة التعديل | EG-ScBUE |
| 043 ## - رمز المنطقة الجغرافية | |
| رمز المنطقة الجغرافية | a-ku--- |
| 082 04 - رقم تصنيف ديوى العشرى | |
| رقم الطبعة | 22 |
| رقم التصنيف | 953.67 |
| رقم المادة | خ ط ي |
| 100 1# - المدخل الرئيسى - إسم شخصى | |
| 9 (RLIN) | 13335 |
| الإسم الشخصى | خطيب، أحمد، |
| التواريخ المصاحبة للاسم | 1928- |
| الدور | مؤلف. |
| 245 10 - بيان العنوان | |
| العنوان | الكويت : |
| بقية العنوان | من الإمارة إلى الدولة : ذكريات العمل الوطني والقومي. |
| رقم الجزء/قسم العمل | الجزء الثاني / |
| بيان المسئوليه,etc | الدكتور أحمد الخطيب يتذكر ؛ إشراف د. غانم النجار. |
| 250 ## - بيان الطبعة | |
| بيان الطبعة | الطبعة الأولى. |
| 264 #1 - النشر، التوزيع | |
| مكان الناشر او الموزع | الدار البيضاء : |
| اسم الناشر او الموزع | المركز الثقافي العربي، |
| تاريخ النشر أو التوزيع | 2009. |
| 300 ## - الوصف المادى | |
| التعداد | 303 صفحة : |
| تفاصيل ماديه اخرى للوعاء | صور ؛ |
| أبعاد الوعاء | 24 سم |
| 336 ## - نوع المحتوى | |
| source | rdacontent |
| Carrier Type Term | نص |
| Content Type Code | txt |
| 337 ## - نوع الوسيط | |
| Media Type Term | بدون وسيط |
| source | rdamedia |
| Media Type Code | n |
| 338 ## - نوع الحامل أو الناقل | |
| Carrier Type Term | مجلد |
| Carrier Type Code | nc |
| source | rdacarrier |
| 600 17 - المدخل الاضافى بالموضوع-اسم شخصى | |
| الإسم الشخصى | خطيب، أحمد، |
| التواريخ المصاحبة للاسم | 1928- |
| مصدر الرأس أو المصطلح | BUEsh |
| 650 #7 - المدخل الاضافى بالموضوع-مصطلح موضوعى | |
| 9 (RLIN) | 13337 |
| مصطلح موضوعي أو اسم جغرافي كعنصر مدخل | السياسيون الكويتيون |
| التقسيم الفرعي الشكلي | تراجم. |
| مصدر الرأس أو المصطلح | BUEsh |
| 651 #7 - المدخل الاضافى بالموضوع - اسم جغرافى | |
| 9 (RLIN) | 13336 |
| الاسم الجغرافي | الكويت |
| التقسيم الفرعي العام | تاريخ |
| التقسيم الفرعي الزمني | العصر الحديث |
| -- | عبدالله سالم الصباح 1950-1965. |
| مصدر الرأس أو المصطلح | BUEsh |
| 655 ## - مصطلح تكشيفى-نوع/شكل | |
| التقسيم الفرعي الشكلي | Reading book |
| 700 1# - المدخل الاضافى - اسم شخصى | |
| 9 (RLIN) | 13338 |
| الإسم الشخصى | نجار، غانم، |
| الدور | مشرف. |
| 942 ## - عناصر المدخل الإضافي( كوها) | |
| مصدر التصنيف او مخطط الترفيف | Dewey Decimal Classification |
| Koha [default] item type | Book - Borrowing |
| حالة التراجع | حالة الفقد | مصدر التصنيف او خطة الترفيف | حالة تلف | ليس للاعارة | مجموعات كوها | المكان الدائم | المكان الحالي | موقع الترفيف | تاريخ الاكتساب | Source of acquisition | سعر الشراء الطبيعي | تعداد مسلسل / التسلسل الزمني | رقم الاستدعاء | الباركود | Date last seen | نوع الوعاء | تبصرة عامة |
|---|---|---|---|---|---|---|---|---|---|---|---|---|---|---|---|---|---|
| Dewey Decimal Classification | المركز الثقافى العربي | Central Library | Central Library | Second Floor | 31/03/2010 | Purchase | 47.50 | 1 | 953.67 خ ط ي | 000020553 | 15/07/2025 | Book - Borrowing | V. 2 | ||||
| Dewey Decimal Classification | المركز الثقافى العربي | Central Library | Central Library | Second Floor | 01/04/2010 | Purchase | 47.50 | 1 | 953.67 خ ط ي | 000020552 | 15/07/2025 | Book - Borrowing |